Guess the Taylor Swift Song (no hints) 53 - Statistics

General Stats
  • This quiz has been taken 105 times
  • The average score is 194 of 266
Answer Stats
Answer % Correct
I
100%
a
99%
the
99%
you
97%
You
97%
go
96%
Be
94%
it
94%
your
94%
and
93%
And
93%
(And
93%
in
93%
love
93%
Love
93%
we
93%
We
93%
(we
93%
me
91%
to
91%
my
90%
So
90%
(so
90%
You're
90%
I'm
88%
is
88%
all
87%
are
82%
were
82%
of
81%
I'll
79%
like
79%
this
79%
This
79%
But
78%
(But
78%
never
78%
(never)
78%
Saw
76%
don't
75%
good
74%
just
74%
Just
74%
our
74%
I've
72%
know
72%
right
69%
with
69%
same
62%
loved
60%
Now
60%
time
60%
game
59%
grace
59%
or
59%
state
59%
Up
59%
play
57%
something
57%
These
57%
alone
56%
alone,
56%
coming
56%
lights
56%
through
56%
eyes
54%
fight
54%
let
54%
hands
53%
hearts
53%
hearts)
53%
real
53%
wrong
53%
wrong)
53%
blue
51%
live
51%
touch
51%
Unless
51%
walking
51%
Achilles
50%
broken
50%
heel
50%
worthwhile
50%
Busy
49%
busy
49%
fall
49%
ruthless
49%
streets
49%
saint
47%
saint)
47%
age
46%
fast
46%
golden
46%
shades
46%
room
44%
'til
44%
traffic
44%
come
43%
hurts
43%
learn
43%
pain
43%
pain)
43%
changing
41%
minds
41%
fate
40%
four
40%
bleeds,
37%
lives
37%
wild
37%
wild)
37%
fades
35%
fire
34%
Mosaic
34%
(Mosaic
34%
twin
34%
around
32%
armor
31%
clean
31%
signs,
31%
cannonball
29%
falls
29%
brave
26%
Pierce
24%
slates
24%
No matching quizzes found
Score Distribution
Percent of People with Each Score
Percentile by Number Answered
Your Score History
You have not taken this quiz